Couleurs des photos - Statistiques

Statistiques générales
  • Ce quiz a été pris 191 fois
  • Le résultat moyen est 13 sur 15
Statistiques - réponses
Par images Réponse % Correct
Bleu
100%
Doré
99%
Jaune
99%
Rose
99%
Rouge
99%
Vert
99%
Violet
99%
Gris
96%
Noir
94%
Orange
91%
Marron
90%
Argenté
87%
Magenta
40%
Saumon
38%
Cyan
31%
Aucun quiz correspondant
Distribution des résultats
% des personnes avec chaque résultat
Percentile par nombre de réponses
Votre historique - résultats
Vous n’avez pas pris ce quiz